| 000 | 02366nam0a2200397 4500 | ||
|---|---|---|---|
| 001 | RU\NLR\bibl\745368 | ||
| 005 | 20260407111120.0 | ||
| 010 |
_a5-7765-0403-1 _9150 |
||
| 021 |
_aRU _b2004-71048 _93506 |
||
| 035 | _aRSL-KNO-002500864 | ||
| 035 | _a(NLR Aleph) 000735209 | ||
| 090 |
_a787714 _c787714 |
||
| 100 | _a20041116d2004 |||y0rusy50 ca | ||
| 101 | 0 | _arus | |
| 102 | _aRU | ||
| 105 | _aa ||||||||| | ||
| 106 | _ar | ||
| 200 | 1 |
_aВнедрение компьютерных технологий в учреждения здравоохранения города _eсб. науч.-практ. работ врачей г. Комсомольск-на-Амуре. К десятилетию орг. Информ.-вычислит. Центра Гор. Отд. здравоохранения : при участии и по лицензии Комсом.-на-Амуре гос. техн. ун-та _fМ-во здравоохранения Хабар. края, Отдел Здравоохранения Администрации г. Комсомольска-на-Амуре _g[редкол.: А.П. Тяжелков д.м.н., проф, засл. врач РФ и др.] |
|
| 210 |
_aКомсомольск-на-Амуре _cКомс.-на-Амуре гос. техн. ун-т _d2004 _gТип. КнААПО |
||
| 215 |
_a111 с. _cил. _d29 |
||
| 320 | _aБиблиогр. в конце ст. | ||
| 606 | 1 |
_aЗдравоохранение _jСборники _xИнформационные технологии _92188772 _3RU\NLR\auth\661315848 |
|
| 606 | 1 |
_aМедицина _jСборники _9892737 _3RU\NLR\auth\662895 |
|
| 610 | 0 | _aЗдравоохранение. Медицинские науки -- Методы и техника -- Кибернетика в медицине -- Сборники | |
| 610 | 0 | _aкомпьютерные технологии в медицине | |
| 686 |
_aР.с218я43 _2rubbk |
||
| 686 | _aР11(2)ф.я43 | ||
| 686 | _aР.я43 | ||
| 702 | 1 |
_aТяжелков _bА. П. _gАнатолий Петрович _4340 |
|
| 712 | 0 | 1 |
_4570 _aКомсомольск-на-Амуре _bОтдел здравоохранения _9627679 _3RU\NLR\AUTH\8810063048 |
| 801 | 0 |
_aRU _bRuMoRKP _c20041116 _grcr |
|
| 801 | 1 |
_aRU _bRuMoRGB _c20041116 |
|
| 801 | 2 |
_aRU _bNLR _c20050406 _gPSBO |
|
| 942 | _cBOOK | ||
| 980 | _aNB | ||